Spôsob identifikácie hniloby a nepravého jadra na čele surových kmeňov pri výrobe sortimentov na manipulačných linkách

Bibliographic Details
Main Author: Tuhársky, Juraj (Author)
Format: Article
Language:Slovak
PhysicalDescription:Obr. 5, res. angl., nem., lit. 1 zázn. v slov.
ISBN:8022802867
Subjects:

MARC

LEADER 00000nab a2200000 a 4500
001 vtls000646466
003 SK-MaSNL
005 20260304084917.0
008 250425c1993 xo 0 slo
015 |a SNBRA19rr/mm-uuuuu 
035 |a CL0646605 
035 |a urn:nbn:sk:snk-abab56 
035 |a (urnnbn)urn:nbn:sk:snk:ar-a09o1z 
035 |a (uuid)90ca8681-62a9-4c4c-a037-3c15b66303cb 
040 |a SNKBUCL  |b slo  |c SNKBUCL  |e AACR2 
041 0 |a slo 
044 |a xo  |c SK 
080 |a 630 85:630 34  |2 1981 
080 |a 630 34  |2 1981 
100 1 |a Tuhársky, Juraj  |4 aut  |9 7000 
245 1 0 |a Spôsob identifikácie hniloby a nepravého jadra na čele surových kmeňov pri výrobe sortimentov na manipulačných linkách  |c Juraj Tuhársky 
300 |b Obr. 5, res. angl., nem., lit. 1 zázn. v slov. 
650 0 7 |a kmene stromov  |2 snkbucl  |9 86081 
650 0 7 |a linky manipulačné  |2 snkbucl  |9 935642 
655 7 |a články zo zborníkov  |2 snkbucl  |9 166140 
773 0 |t Acta Facultatis forestalis Zvolen 35  |d Zvolen : Technická univerzita, 1993  |g S. 283-293  |z 8022802867 
850 |a Slovenská národná knižnica 
852 |a Slovenská národná knižnica 
954 |a odborná, vedecká literatúra pôvodná (slovenská)  |2 lita 
958 |a article13 
958 |a OND 
958 |a NX 
958 |a RK 
958 |a EUIPO 
999 |c 2805605  |d 2807535